000 00340pab a2200145 454500
008 180718b1986 xxu||||| |||| 00| 0 eng d
100 _aYerram Raju, B.
245 _aRural banking and plan rural credit better way
260 _c1986
300 _a16-19
362 _a1 Jan.
650 _aBanks - India
773 _aYojana
909 _a4368
999 _c4368
_d4368